000 00552nam a2200193Ia 4500
005 20250326142158.0
008 250326s9999 xx 000 0 und d
020 _a81-85814-33-3
037 _aTextbook
040 _aFMSL
_beng
_cFMSL
041 _aeng
_2eng
084 _aX:74.1 N4
_qFMSL
100 _aShiva Ramu S
_9386967
245 0 _aInternational business goverce structure
_cShiva Ramu S
260 _aNew Delhi
_bNew Delhi, Wheeler Publishing
_c1994
300 _a271p
942 _cTB
_hX:74.1 N4
999 _c1293805
_d1293805